IFM Opac

Business Finance in less Developed Capital Markets (Record no. 1483)

MARC details
000 -LEADER
fixed length control field 00465nam a2200145Ia 4500
082 ## - DEWEY DECIMAL CLASSIFICATION NUMBER
Classification number 332.041091724 BUS
100 ## - MAIN ENTRY--PERSONAL NAME
Personal name Fischer, Klaus P. (ed.)
9 (RLIN) 2436
245 ## - TITLE STATEMENT
Title Business Finance in less Developed Capital Markets
260 ## - PUBLICATION, DISTRIBUTION, ETC.
Place of publication, distribution, etc. Westport:
Name of publisher, distributor, etc. Green Press
Date of publication, distribution, etc. 1992
300 ## - PHYSICAL DESCRIPTION
Extent xii, 391p. :ill. ;24cm
500 ## - GENERAL NOTE
General note includes index
650 ## - SUBJECT ADDED ENTRY--TOPICAL TERM
Topical term or geographic name entry element Business financeCapital markets - Developing countries
9 (RLIN) 2437
700 ## - ADDED ENTRY--PERSONAL NAME
Personal name Papaioannouv, George J. ( ed.)
9 (RLIN) 2438
942 ## - ADDED ENTRY ELEMENTS (KOHA)
Koha item type Books

No items available.